| 000 | 00485nam a2200193Ia 4500 | ||
|---|---|---|---|
| 008 | 170918s9999 xx 000 0 und d | ||
| 020 | _a9780439809030 | ||
| 050 | _bC873 2002 | ||
| 100 | _aCoville, Bruce | ||
| 245 | 4 | _aThe monster's ring / | |
| 245 | _cBruce Coville ; illustrated by Katherine Coville. | ||
| 260 | _aNew York : | ||
| 260 | _bScholastic, | ||
| 260 | _c2002 | ||
| 300 | _a105 pages : | ||
| 300 | _bcolored illustration ; | ||
| 300 | _c19cm. | ||
| 500 | _a550 | ||
| 999 |
_c341629 _d341629 |
||